| 000 | 01621nam a2200445 a 4500 | ||
|---|---|---|---|
| 001 | 21572 | ||
| 003 | VRT | ||
| 005 | 20260305091447.0 | ||
| 008 | 251113s1997 xo a ra slo | ||
| 015 | _aSNBA1998/03-00936 | ||
| 020 | _a8071348325 | ||
| 035 | _aSNK000266820 | ||
| 035 | _aurn:nbn:sk:snk-amkh2x | ||
| 035 | _aurn:nbn:sk:snk-am008gb1 | ||
| 035 | _aAF57552A-78F4-4ED1-84B8-B193CCFDC3AF | ||
| 039 | 9 |
_a202511131437 _bVLOAD _c202511131350 _dVLOAD _c202402261739 _dVLOAD _c202211140950 _dmsnk115 |
|
| 040 |
_aSNK _bslo _cSNK _eAACR2 |
||
| 041 | 1 |
_aslo _hger |
|
| 044 |
_axo _cSK |
||
| 080 | _a820 (73)-3(087.5) | ||
| 110 | 0 |
_aWalt Disney Enterprises _4aut _4ilu |
|
| 245 | 1 | 0 |
_aAriela, malá morská víla _cWalt Disney ; [z nemeckého vydania preložila Valéria Malíková] |
| 250 | _a2. vyd. | ||
| 260 |
_aV Bratislave _bEgmont Neografia _c1997 |
||
| 300 |
_a112 s. _bfareb. ilustr. _c23 cm |
||
| 490 | 1 | _aFilmové príbehy | |
| 500 | _aIlustr. na tit. strane | ||
| 500 | _aÚdaj o prekl. prevzatý z front. | ||
| 655 | 7 |
_aamerické rozprávky _2SNKPH |
|
| 655 | 7 |
_aautorské rozprávky _2SNKPH |
|
| 700 | 1 |
_aMalíková, Valéria _4trl |
|
| 752 | _dBratislava | ||
| 830 | 0 | _aFilmové príbehy | |
| 942 |
_2ddc _cKLDE _n0 |
||
| 949 |
_6270001000000740 _asvkbbB 30912 _bsvkbbm 614457 _p614457 |
||
| 949 |
_617A0112514 _9P60, <03>, [BOOK], {603} _asnkSC 94685 _bsnkKSP 12405/97 _s6100:20140925 |
||
| 949 |
_617A0112515 _9P60, <04>, [BOOK], {604} _asnkSC 94685 D1 _bsnkKSP 12406/97 _s6100:20140925 |
||
| 949 |
_6273K0228853 _asvkpoB 66354 _bsvkpo427941 |
||
| 999 |
_c21572 _d21572 |
||